000 00321nam a22001337a 4500
008 170524b xxu||||| |||| 00| 0 eng d
020 _a9790849324795
041 _aeng
080 _230TH
_a621.3
100 _a26
101 _aIM
245 _aSTANDARS MATHEMATICAL TABLES AND FORMULAE
_cZWILLINGER, D
942 _2udc
_cBK
999 _c14123
_d14123